[Event "Vojvodina Cup-chT"]
[Site "Senta"]
[Date "2025.04.25"]
[Round "2.2"]
[White "Stojkovic, Miroljub"]
[Black "Ljepic, Andrej"]
[Result "0-1"]
[WhiteElo "2112"]
[BlackElo "2318"]
[PlyCount "82"]
[EventDate "2025.04.24"]
[EventType "team-swiss"]
[EventRounds "5"]
[EventCountry "SRB"]
[SourceTitle "CB18_2025"]
[SourceDate "2025.04.30"]
[SourceVersion "1"]
[SourceVersionDate "2025.04.30"]
[SourceQuality "1"]
[WhiteTeam "Indjija"]
[BlackTeam "Jazak Car Uros"]
[WhiteTeamCountry "SRB"]
[BlackTeamCountry "SRB"]

1. e4 c5 2. Nf3 e6 3. Be2 Nc6 4. 0-0 Nf6 5. Nc3 d5 6. exd5 exd5 7. d4 c4 8. Bg5 Be7 9. Ne5 0-0 10. Bf3 Be6 11. b3 h6 12. Bh4 Qa5 13. Nxc6 bxc6 14. Na4 g5 15. Bg3 Ne4 16. Bxe4 dxe4 17. Qh5 Qd2 18. Rfd1 Qxc2 19. Rdc1 Qd2 20. Rd1 Qa5 21. Qxh6 Qf5 22. bxc4 Bxc4 23. Nc5 f6 24. Qh5 Rf7 25. Rdc1 Bd5 26. Qe2 Bf8 27. Rc3 Re8 28. a4 Qg6 29. f3 f5 30. fxe4 f4 31. Bf2 Bxc5 32. dxc5 Qxe4 33. Qxe4 Rxe4 34. Rh3 Kg7 35. a5 Rb7 36. Rd1 Re2 37. Rhd3 Kg6 38. Kf1 Rbb2 39. Bd4 Ra2 40. Ra1 Rxg2 41. Rxa2 Rxa2 0-1

[Event "Banja Luka op-A"]
[Site "Banja Luka"]
[Date "2024.04.26"]
[Round "1"]
[White "Stojkovic, Miroljub"]
[Black "Drazic, Sinisa"]
[Result "0-1"]
[WhiteElo "2133"]
[BlackElo "2262"]
[PlyCount "90"]
[EventDate "2024.04.26"]
[EventType "swiss"]
[EventRounds "5"]
[EventCountry "BIH"]
[SourceTitle "CBM 220 Extra"]
[Source "ChessBase"]
[SourceDate "2024.07.31"]
[SourceVersion "1"]
[SourceVersionDate "2024.07.31"]
[SourceQuality "1"]

1. e4 c5 2. Nf3 e6 3. d3 b6 4. g3 Bb7 5. Bg2 d6 6. 0-0 Be7 7. Nc3 Nf6 8. Qe2 Nc6 9. Rd1 Nd4 10. Nxd4 cxd4 11. e5 Bxg2 12. exf6 Bxf6 13. Kxg2 dxc3 14. bxc3 Bxc3 15. Rb1 Rc8 16. d4 0-0 17. Rb3 Rc7 18. Ba3 Re8 19. Rd3 Ba5 20. Bb2 d5 21. Bc1 Qf6 22. c3 Rec8 23. Bd2 Rc4 24. h4 Qg6 25. Kh2 h5 26. f3 R8c6 27. Be1 b5 28. a3 a6 29. Re3 Bc7 30. Kh3 Ra4 31. g4 Bf4 32. Rd3 Bd6 33. Bg3 Bxa3 34. Re3 Bd6 35. Bxd6 Rxd6 36. Re5 hxg4+ 37. fxg4 Qf6 38. Rb1 Rc6 39. Re3 Ra3 40. Qb2 Qe7 41. Rbe1 Rc4 42. g5 b4 43. cxb4 Rxe3+ 44. Rxe3 Qxb4 45. Rb3 Qe1 0-1

[Event "SRB-chT 2nd League"]
[Site "Vrnjacka Banja"]
[Date "2022.11.10"]
[Round "9.5"]
[White "Stojkovic, Miroljub"]
[Black "Dvornic, Mladen"]
[Result "0-1"]
[WhiteElo "2165"]
[BlackElo "2262"]
[PlyCount "59"]
[EventDate "2022.11.04"]
[EventType "team-tourn"]
[EventRounds "11"]
[EventCountry "SRB"]
[SourceTitle "CBM 211 Extra"]
[Source "ChessBase"]
[SourceDate "2023.01.31"]
[SourceVersion "1"]
[SourceVersionDate "2023.01.31"]
[SourceQuality "1"]
[WhiteTeam "Jazak Car Uros"]
[BlackTeam "Petrovaradin Kraljica"]
[WhiteTeamCountry "SRB"]
[BlackTeamCountry "SRB"]

1. d4 Nf6 2. Bf4 g6 3. c4 Bg7 4. Nc3 d5 5. e3 c6 6. h3 0-0 7. Nf3 a6 8. Bd3 b5 9. cxb5 cxb5 10. 0-0 Bb7 11. Rc1 Nc6 12. Ne5 Nxe5 13. Bxe5 Qa5 14. a4 Rfc8 15. Ra1 b4 16. Na2 Qb6 17. a5 Qxa5 18. Qe1 Ne4 19. Bxg7 Kxg7 20. Qxb4 Qxb4 21. Nxb4 a5 22. Bxe4 dxe4 23. Na2 Rc2 24. Rfb1 Ba6 25. b4 Rb8 26. Nc1 Rxb4 27. Nb3 Bd3 28. Nc5 Rxb1+ 29. Rxb1 Rxc5 30. Rc1 0-1

[Event "SRB-chT 2nd League"]
[Site "Vrnjacka Banja"]
[Date "2022.11.04"]
[Round "1.4"]
[White "Marjanusic, Vladimir"]
[Black "Stojkovic, Miroljub"]
[Result "1/2-1/2"]
[WhiteElo "2195"]
[BlackElo "2165"]
[PlyCount "106"]
[EventDate "2022.11.04"]
[EventType "team-tourn"]
[EventRounds "11"]
[EventCountry "SRB"]
[SourceTitle "CBM 211 Extra"]
[Source "ChessBase"]
[SourceDate "2023.01.31"]
[SourceVersion "1"]
[SourceVersionDate "2023.01.31"]
[SourceQuality "1"]
[WhiteTeam "Pacir Backa"]
[BlackTeam "Jazak Car Uros"]
[WhiteTeamCountry "SRB"]
[BlackTeamCountry "SRB"]

1. e4 e5 2. Nf3 Nc6 3. Bb5 d6 4. d4 Bd7 5. Nc3 exd4 6. Nxd4 Nf6 7. 0-0 Be7 8. Re1 0-0 9. Bxc6 bxc6 10. h3 Re8 11. Qf3 Rb8 12. b3 c5 13. Nf5 Bxf5 14. Qxf5 Qd7 15. Qf3 Qe6 16. Bb2 c6 17. Rad1 Nd7 18. Ne2 Qh6 19. Ng3 Qe6 20. Nf5 Ne5 21. Qg3 Qg6 22. Bxe5 dxe5 23. Qxe5 Bf8 24. Qc3 Rbd8 25. Rd3 Qe6 26. Qd2 Rxd3 27. cxd3 Rd8 28. Qc2 g6 29. Ne3 Qe5 30. Nc4 Qf4 31. Re3 Bg7 32. Rf3 Qc7 33. Ne3 Qa5 34. Nc4 Qc7 35. g3 Bd4 36. Kg2 Rb8 37. Qc1 Qe7 38. Qf4 Rd8 39. Na5 Rd6 40. Nc4 Rd8 41. h4 h5 42. Qc1 Kg7 43. Qa3 Rb8 44. Qa6 Qd7 45. Qa5 Rb5 46. Qd2 Qe7 47. Qf4 Rb7 48. Na5 Rb6 49. Nc4 Rb7 50. Qc1 Rd7 51. e5 Rb7 52. Qf4 Rd7 53. Qe4 Rd5 1/2-1/2

[Event "Vojvodina-chT 21st"]
[Site "Backa Palanka"]
[Date "2021.10.23"]
[Round "1.4"]
[White "Mikheev, Stanislav Valerievi"]
[Black "Stojkovic, Miroljub"]
[Result "1-0"]
[WhiteElo "2328"]
[BlackElo "2151"]
[PlyCount "75"]
[EventDate "2021.10.23"]
[EventType "team-tourn"]
[EventRounds "11"]
[EventCountry "SRB"]
[SourceTitle "CBM 204 Extra"]
[Source "ChessBase"]
[SourceDate "2021.11.30"]
[SourceVersion "1"]
[SourceVersionDate "2021.11.30"]
[SourceQuality "1"]
[WhiteTeam "Sombor"]
[BlackTeam "Jazak Car Uros"]
[WhiteTeamCountry "SRB"]
[BlackTeamCountry "SRB"]

1. d4 d5 2. c4 e6 3. Nf3 c5 4. cxd5 exd5 5. g3 Nc6 6. Bg2 Nf6 7. 0-0 c4 8. b3 cxb3 9. Qxb3 Be7 10. Nc3 0-0 11. Bg5 Na5 12. Qd1 Be6 13. Ne5 Rc8 14. Qd3 h6 15. Bxf6 Bxf6 16. f4 g6 17. g4 Bxe5 18. dxe5 Bxg4 19. Nxd5 Kh8 20. h3 Be6 21. e4 Nc4 22. Rac1 b5 23. Qd4 Qh4 24. Rc3 a6 25. Rd3 Rfd8 26. Qa1 Rg8 27. Nf6 Rgd8 28. Qd1 Rxd3 29. Qxd3 Nb6 30. Rd1 Kg7 31. f5 Bc4 32. Qe3 Na4 33. Ng4 Qg5 34. Qd4 h5 35. e6+ Kg8 36. Nf6+ Kg7 37. Ne8+ Kf8 38. Qg7+ 1-0

[Event "Novi Sad TS IM 103rd"]
[Site "Novi Sad"]
[Date "2019.01.23"]
[Round "8"]
[White "Stojkovic, Miroljub"]
[Black "Lin, Yi1"]
[Result "0-1"]
[WhiteElo "2224"]
[BlackElo "2359"]
[PlyCount "88"]
[EventDate "2019.01.19"]
[EventType "tourn"]
[EventRounds "9"]
[EventCountry "SRB"]
[EventCategory "3"]
[SourceTitle "CBM 188 Extra"]
[Source "ChessBase"]
[SourceDate "2019.02.28"]
[SourceVersion "1"]
[SourceVersionDate "2019.02.28"]
[SourceQuality "1"]

1. e4 c6 2. c4 d5 3. cxd5 cxd5 4. exd5 Nf6 5. Bb5+ Nbd7 6. Nc3 g6 7. Nf3 Bg7 8. d6 exd6 9. Qe2+ Qe7 10. Qxe7+ Kxe7 11. 0-0 Rd8 12. d4 Nb6 13. Re1+ Kf8 14. h3 h6 15. b3 g5 16. Ba3 Bf5 17. Bf1 a6 18. Ne5 Rac8 19. Rac1 Nfd5 20. Nxd5 Rxc1 21. Rxc1 Nxd5 22. Nc4 Ke7 23. Na5 Rd7 24. Rc8 Be4 25. Rc1 Nf4 26. Nc4 Bxd4 27. Re1 f5 28. g4 Ne6 29. gxf5 Bxf5 30. Bg2 b5 31. Ne5 Bxe5 32. Rxe5 Bg6 33. Bd5 Bf7 34. h4 gxh4 35. Re4 h3 36. Bc1 Rc7 37. Bxh6 Rc5 38. Bxe6 Bxe6 39. Bf8+ Kd7 40. Rd4 Rg5+ 41. Kh1 Bd5+ 42. Kh2 Rf5 43. f4 Rxf8 44. Rxd5 Rxf4 0-1

[Event "Novi Sad TS IM 103rd"]
[Site "Novi Sad"]
[Date "2019.01.22"]
[Round "6"]
[White "Stojkovic, Miroljub"]
[Black "Chakravarthi, Reddy M"]
[Result "1-0"]
[WhiteElo "2224"]
[BlackElo "2431"]
[PlyCount "43"]
[EventDate "2019.01.19"]
[EventType "tourn"]
[EventRounds "9"]
[EventCountry "SRB"]
[EventCategory "3"]
[SourceTitle "CBM 188 Extra"]
[Source "ChessBase"]
[SourceDate "2019.02.28"]
[SourceVersion "1"]
[SourceVersionDate "2019.02.28"]
[SourceQuality "1"]

1. e4 e6 2. d4 d5 3. Nc3 Nf6 4. Bg5 Be7 5. e5 Nfd7 6. h4 Nc6 7. Qg4 f6 8. Bd2 fxe5 9. dxe5 0-0 10. f4 Nc5 11. 0-0-0 a6 12. Nf3 b5 13. Be3 b4 14. Ne2 a5 15. Ng3 a4 16. Nh5 g6 17. Nf6+ Bxf6 18. h5 Ne4 19. hxg6 Bg7 20. gxh7+ Kh8 21. Bd3 Qe7 22. Nh4 1-0

[Event "Vojvodina op 8th"]
[Site "Novi Sad"]
[Date "2017.07.22"]
[Round "8"]
[White "Stojkovic, Miroljub"]
[Black "Adamov, Ivan"]
[Result "1-0"]
[WhiteElo "2201"]
[BlackElo "2123"]
[PlyCount "59"]
[EventDate "2017.07.16"]
[EventType "swiss"]
[EventRounds "9"]
[EventCountry "SRB"]
[SourceTitle "EXT 2018"]
[Source "ChessBase"]
[SourceDate "2017.10.13"]
[SourceVersion "1"]
[SourceVersionDate "2017.10.13"]
[SourceQuality "1"]

1. d4 Nf6 2. c4 g6 3. Nc3 Bg7 4. Nf3 0-0 5. Bg5 h6 6. Bh4 d6 7. e3 Bf5 8. Be2 Ne4 9. Nxe4 Bxe4 10. 0-0 g5 11. Bg3 Bg6 12. Qb3 b6 13. Bd3 Bxd3 14. Qxd3 c5 15. h4 gxh4 16. Nxh4 cxd4 17. Nf5 e5 18. Bh4 Bf6 19. Qe4 Nd7 20. Qg4+ Kh7 21. Qh5 Bg5 22. Nxh6 Bxh4 23. Nxf7+ Kg7 24. Nxd8 Raxd8 25. Qxh4 Rf6 26. exd4 exd4 27. Qxd4 Ne5 28. Rae1 Rh8 29. f4 Ng4 30. Re6 1-0

[Event "Vojvodina op 8th"]
[Site "Novi Sad"]
[Date "2017.07.17"]
[Round "2"]
[White "Stojkovic, Miroljub"]
[Black "Tosic, Miroslav"]
[Result "0-1"]
[WhiteElo "2201"]
[BlackElo "2433"]
[PlyCount "54"]
[EventDate "2017.07.16"]
[EventType "swiss"]
[EventRounds "9"]
[EventCountry "SRB"]
[SourceTitle "EXT 2018"]
[Source "ChessBase"]
[SourceDate "2017.10.13"]
[SourceVersion "1"]
[SourceVersionDate "2017.10.13"]
[SourceQuality "1"]

1. e4 c5 2. Nf3 e6 3. c3 Nf6 4. e5 Nd5 5. Bc4 Nb6 6. Bb3 d6 7. exd6 Bxd6 8. d4 N8d7 9. 0-0 0-0 10. Qe2 cxd4 11. Nxd4 Qf6 12. Nd2 Qe5 13. Qxe5 Nxe5 14. Ne4 Be7 15. Bc2 Bd7 16. Re1 Ng6 17. Bg5 f6 18. Be3 f5 19. Ng5 f4 20. Ngxe6 fxe3 21. Rxe3 Rf7 22. Bb3 Rc8 23. c4 Nxc4 24. Rc3 b5 25. a4 a6 26. axb5 axb5 27. Ra7 Bf6 0-1

[Event "Graz op-A"]
[Site "Graz"]
[Date "2017.02.24"]
[Round "6"]
[White "Stojkovic, Miroljub"]
[Black "Nurkiewicz, Maciej"]
[Result "0-1"]
[WhiteElo "2211"]
[BlackElo "2376"]
[PlyCount "124"]
[EventDate "2017.02.20"]
[EventType "swiss"]
[EventRounds "9"]
[EventCountry "AUT"]
[SourceTitle "CBM 177 Extra"]
[Source "ChessBase"]
[SourceDate "2017.04.27"]
[SourceVersion "1"]
[SourceVersionDate "2017.04.27"]
[SourceQuality "1"]

1. d4 Nf6 2. Nf3 g6 3. c4 Bg7 4. Nc3 d5 5. cxd5 Nxd5 6. Qb3 Nxc3 7. bxc3 0-0 8. e3 c5 9. Be2 cxd4 10. cxd4 b6 11. 0-0 Bb7 12. Ba3 Nc6 13. Rfc1 Rc8 14. Rc3 Na5 15. Qc2 Bf6 16. Nd2 Rxc3 17. Qxc3 Qd7 18. Qd3 Rc8 19. Bb2 Qa4 20. Bd1 Qd7 21. Be2 Qc6 22. e4 Qc2 23. Rb1 Bg5 24. Nf3 Bxe4 25. Qxc2 Rxc2 26. Nxg5 Rxe2 27. Nxe4 Rxe4 28. Kf1 Nc4 29. Bc3 Kf8 30. a4 Re6 31. a5 Nxa5 32. Bxa5 bxa5 33. Ra1 Ke8 34. Rxa5 a6 35. d5 Rd6 36. Ke2 Kd7 37. Ke3 f5 38. Kf4 Rb6 39. Ke5 Rb2 40. Rxa6 Rxf2 41. d6 Re2+ 42. Kf4 exd6 43. Ra7+ Ke6 44. Kf3 Re4 45. Rxh7 d5 46. Rg7 Kf6 47. Rd7 d4 48. Rd6+ Ke5 49. Rxg6 d3 50. Rg8 Kd4 51. h3 d2 52. Rd8+ Kc3 53. Rc8+ Kb2 54. Rd8 Kc2 55. Rc8+ Kd1 56. Rd8 Rc4 57. Ke3 Rc3+ 58. Kf2 f4 59. h4 Kc2 60. h5 Rd3 61. Rc8+ Kb3 62. Rb8+ Kc4 0-1

[Event "Graz op-A"]
[Site "Graz"]
[Date "2017.02.21"]
[Round "2"]
[White "Stojkovic, Miroljub"]
[Black "Gazik, Viktor"]
[Result "0-1"]
[WhiteElo "2211"]
[BlackElo "2403"]
[PlyCount "72"]
[EventDate "2017.02.20"]
[EventType "swiss"]
[EventRounds "9"]
[EventCountry "AUT"]
[SourceTitle "CBM 177 Extra"]
[Source "ChessBase"]
[SourceDate "2017.04.27"]
[SourceVersion "1"]
[SourceVersionDate "2017.04.27"]
[SourceQuality "1"]

1. e4 c5 2. Nf3 d6 3. Bb5+ Nd7 4. d4 Ngf6 5. Nc3 cxd4 6. Nxd4 g6 7. 0-0 Bg7 8. Bg5 0-0 9. Re1 h6 10. Bh4 a6 11. Bf1 Qb6 12. Nb3 Qc7 13. a4 b6 14. f4 Bb7 15. Qd2 e5 16. Rad1 exf4 17. Qxd6 Qxd6 18. Rxd6 g5 19. e5 Nxe5 20. Rxe5 gxh4 21. Re7 Bc8 22. Rxb6 Bf5 23. Nd4 Bh7 24. Rbb7 Nd5 25. Nxd5 Bxd4+ 26. Kh1 Bxc2 27. Nxf4 Bxa4 28. Rbc7 Bb5 29. Bc4 Bxc4 30. Rxc4 Bxb2 31. g3 hxg3 32. hxg3 a5 33. Nd3 a4 34. Nxb2 a3 35. Na4 a2 36. Re1 Rfb8 0-1

[Event "Stari Banovci Vidovdan op"]
[Site "Stari Banovci"]
[Date "2014.06.28"]
[Round "9"]
[White "Vucinic, Gojko"]
[Black "Stojkovic, Miroljub"]
[Result "1/2-1/2"]
[WhiteElo "2293"]
[BlackElo "2232"]
[PlyCount "84"]
[EventDate "2014.06.21"]
[EventType "swiss"]
[EventRounds "9"]
[EventCountry "SRB"]
[SourceTitle "CBM 161 Extra"]
[Source "ChessBase"]
[SourceDate "2014.08.29"]
[SourceVersion "1"]
[SourceVersionDate "2014.08.29"]
[SourceQuality "1"]

1. e4 c5 2. Nf3 d6 3. d4 cxd4 4. Nxd4 Nf6 5. Nc3 g6 6. Be3 Bg7 7. f3 0-0 8. Qd2 Nc6 9. 0-0-0 d5 10. Kb1 Nxd4 11. e5 Nd7 12. Bxd4 Nxe5 13. Qe3 Nc6 14. Bxg7 Kxg7 15. Nxd5 Be6 16. Qc3+ f6 17. Bc4 Qa5 18. Qxa5 Nxa5 19. Bb5 Rad8 20. Nf4 Bf7 21. Rd7 Rxd7 22. Bxd7 e5 23. Ne6+ Bxe6 24. Bxe6 Rd8 25. c4 Kf8 26. Kc2 Ke7 27. Bd5 b5 28. b3 Kd6 29. Kc3 Nc6 30. h4 b4+ 31. Kc2 Ne7 32. Bf7 Kc5 33. h5 g5 34. g4 h6 35. Ra1 Nc6 36. Bd5 Nd4+ 37. Kd3 Nxf3 38. Rf1 e4+ 39. Ke3 Re8 40. Bxe4 Rxe4+ 41. Kxf3 Rf4+ 42. Ke2 Rxg4 1/2-1/2

[Event "Stari Banovci Vidovdan op"]
[Site "Stari Banovci"]
[Date "2014.06.23"]
[Round "4"]
[White "Stojkovic, Miroljub"]
[Black "Bozic, Milan J"]
[Result "1-0"]
[WhiteElo "2232"]
[BlackElo "1801"]
[PlyCount "57"]
[EventDate "2014.06.21"]
[EventType "swiss"]
[EventRounds "9"]
[EventCountry "SRB"]
[SourceTitle "CBM 161 Extra"]
[Source "ChessBase"]
[SourceDate "2014.08.29"]
[SourceVersion "1"]
[SourceVersionDate "2014.08.29"]
[SourceQuality "1"]

1. d4 Nf6 2. Nf3 g6 3. c4 Bg7 4. Nc3 0-0 5. Bg5 d6 6. e3 h6 7. Bh4 Nbd7 8. Bd3 e5 9. 0-0 Qe8 10. Qc2 Nh7 11. Nd5 f5 12. Nxc7 Qf7 13. c5 Nxc5 14. Bc4 Be6 15. Nxe6 Nxe6 16. dxe5 dxe5 17. Bg3 f4 18. exf4 exf4 19. Qb3 Rfe8 20. Bxf4 Qxf4 21. Bxe6+ Kh8 22. Bf7 Re2 23. Qxb7 Rb8 24. Qxa7 Rbxb2 25. Rad1 Ng5 26. Qa8+ Rb8 27. Rd8+ Kh7 28. Nxg5+ hxg5 29. Bg8+ 1-0

[Event "Stari Banovci Vidovdan op"]
[Site "Stari Banovci"]
[Date "2014.06.21"]
[Round "1"]
[White "Stankovic, Milos M"]
[Black "Stojkovic, Miroljub"]
[Result "1/2-1/2"]
[WhiteElo "1529"]
[BlackElo "2232"]
[PlyCount "54"]
[EventDate "2014.06.21"]
[EventType "swiss"]
[EventRounds "9"]
[EventCountry "SRB"]
[SourceTitle "CBM 161 Extra"]
[Source "ChessBase"]
[SourceDate "2014.08.29"]
[SourceVersion "1"]
[SourceVersionDate "2014.08.29"]
[SourceQuality "1"]

1. d4 d5 2. Nf3 Nf6 3. Bf4 g6 4. e3 Bg7 5. Bd3 0-0 6. h3 c5 7. c3 b6 8. Nbd2 Bb7 9. 0-0 Nc6 10. Rc1 Re8 11. Ne5 Nd7 12. Ndf3 Ndxe5 13. Nxe5 Nxe5 14. Bxe5 Bxe5 15. dxe5 Qc7 16. f4 f6 17. Bb5 Bc6 18. Bxc6 Qxc6 19. Qg4 Kg7 20. h4 f5 21. Qf3 Qe6 22. b3 Rad8 23. Rfd1 Rd7 24. Rd2 Red8 25. Rcd1 h5 26. g3 Kf7 27. Kf2 Ke8 1/2-1/2

[Event "SRB-chT Central"]
[Site "Pozarevac"]
[Date "2012.02.14"]
[Round "2"]
[White "Stojkovic, Miroljub"]
[Black "Radovanovic, Dusan"]
[Result "0-1"]
[WhiteElo "2235"]
[BlackElo "2367"]
[PlyCount "88"]
[EventDate "2012.02.13"]
[EventType "team-swiss"]
[EventRounds "9"]
[EventCountry "SRB"]
[SourceTitle "CBM 146 Extra"]
[Source "ChessBase"]
[SourceDate "2012.02.29"]
[SourceVersion "1"]
[SourceVersionDate "2012.02.29"]
[SourceQuality "1"]

1. d4 Nf6 2. Nf3 e6 3. e3 b6 4. Bd3 Bb7 5. 0-0 d5 6. c4 Nbd7 7. Nc3 a6 8. cxd5 exd5 9. Qc2 Be7 10. e4 dxe4 11. Nxe4 0-0 12. Rd1 Nxe4 13. Bxe4 Bxe4 14. Qxe4 Nf6 15. Qc2 Nd5 16. Ne5 Qd6 17. b3 Rfe8 18. Bb2 Rad8 19. Qd3 a5 20. a3 Bg5 21. g3 f6 22. Nf3 Bh6 23. Bc1 Bxc1 24. Rdxc1 Re7 25. h4 Rde8 26. Re1 Rxe1+ 27. Nxe1 Qc6 28. Qc4 Qxc4 29. bxc4 Nc3 30. Kg2 Re2 31. Kf3 Rb2 32. Ke3 Kf7 33. Kd3 Na4 34. Nc2 h5 35. Kd2 Rb3 36. Ne3 Nc3 37. f3 Nb1+ 38. Ke2 Nxa3 39. Ra2 Nb1 40. Ra1 g6 41. g4 Rb2+ 42. Kd3 Rd2+ 43. Ke4 Nc3+ 44. Kf4 Ne2+ 0-1

[Event "Vojvodina-ch 2nd"]
[Site "Novi Sad"]
[Date "2011.07.28"]
[Round "6"]
[White "Stojkovic, Miroljub"]
[Black "Ratkovic, Miloje"]
[Result "1/2-1/2"]
[WhiteElo "2265"]
[BlackElo "2132"]
[PlyCount "95"]
[EventDate "2011.07.24"]
[EventType "swiss"]
[EventRounds "9"]
[EventCountry "SRB"]
[SourceTitle "CBM 143 Extra"]
[Source "ChessBase"]
[SourceDate "2011.08.29"]
[SourceVersion "1"]
[SourceVersionDate "2011.08.29"]
[SourceQuality "1"]

1. c4 c6 2. d4 d5 3. Nf3 Nf6 4. Nc3 dxc4 5. a4 Bg4 6. Ne5 Bh5 7. g3 e6 8. Bg2 Be7 9. 0-0 0-0 10. Nxc4 Nbd7 11. h3 Nb6 12. Ne5 Qc7 13. g4 Bg6 14. Bf4 Bd6 15. Qb3 Rfd8 16. e4 Rab8 17. Rac1 Ne8 18. Nb5 Qe7 19. Nxd6 Nxd6 20. a5 Nd7 21. Nxg6 hxg6 22. Qa3 e5 23. dxe5 Nxe5 24. Rfd1 Qe6 25. Qc3 f6 26. Be3 g5 27. f3 b6 28. axb6 axb6 29. Bf2 Nb5 30. Qc2 c5 31. Qa4 Nd4 32. Bxd4 Ra8 33. Bxe5 Rxa4 34. Rxd8+ Kh7 35. Bc3 b5 36. Be1 Ra2 37. Rxc5 Rxb2 38. Rdd5 Qa6 39. Bf1 Rb1 40. Bc3 b4 41. Rb5 Rxf1+ 42. Kxf1 bxc3 43. Ke1 Qa1+ 44. Rd1 Qa4 45. Rbd5 Qb4 46. Rc1 Qb2 47. Kd1 Qb3+ 48. Rc2 1/2-1/2

[Event "Vojvodina-ch 2nd"]
[Site "Novi Sad"]
[Date "2011.07.26"]
[Round "4"]
[White "Stojkovic, Miroljub"]
[Black "Zlatic, Milan"]
[Result "1-0"]
[WhiteElo "2265"]
[BlackElo "2077"]
[PlyCount "81"]
[EventDate "2011.07.24"]
[EventType "swiss"]
[EventRounds "9"]
[EventCountry "SRB"]
[SourceTitle "CBM 143 Extra"]
[Source "ChessBase"]
[SourceDate "2011.08.29"]
[SourceVersion "1"]
[SourceVersionDate "2011.08.29"]
[SourceQuality "1"]

1. d4 Nf6 2. Nf3 g6 3. c4 Bg7 4. Nc3 d5 5. Bg5 Ne4 6. Bf4 Nxc3 7. bxc3 dxc4 8. e4 b5 9. a4 c6 10. Be2 a6 11. 0-0 Bb7 12. Qd2 0-0 13. e5 c5 14. Qe3 cxd4 15. Nxd4 Nc6 16. Nc2 e6 17. Rab1 Qa5 18. Bf3 Qxa4 19. Nb4 Nxb4 20. Rxb4 Qa2 21. Bxb7 Rab8 22. Qa7 Qc2 23. Qxa6 Qxc3 24. Qxb5 Rfd8 25. g3 Rd7 26. Qxd7 Qxb4 27. Be4 Qa5 28. Qd4 Rd8 29. Qxc4 Bxe5 30. Bxe5 Qxe5 31. Rc1 Rd4 32. Qc8+ Kg7 33. Bf3 Rd3 34. Qc6 h5 35. Qe4 Qd6 36. Rc6 Qd7 37. Qe5+ Kh7 38. Rc7 Qe8 39. Qf6 Kg8 40. Ra7 Rb3 41. Be4 1-0

[Event "Belgrade Trophy 23rd"]
[Site "Obrenovac"]
[Date "2010.11.30"]
[Round "7"]
[White "Stojkovic, Miroljub"]
[Black "Stefanovic, Milan"]
[Result "1-0"]
[WhiteElo "2242"]
[BlackElo "2020"]
[PlyCount "132"]
[EventDate "2010.11.24"]
[EventType "swiss"]
[EventRounds "9"]
[EventCountry "YUG"]
[SourceTitle "CBM 139 Extra"]
[Source "ChessBase"]
[SourceDate "2011.01.05"]
[SourceVersion "1"]
[SourceVersionDate "2011.01.05"]
[SourceQuality "1"]

1. d4 Nf6 2. Nf3 d5 3. c4 c6 4. e3 Bf5 5. Nc3 e6 6. Bd3 Bxd3 7. Qxd3 Bb4 8. 0-0 0-0 9. a3 Bxc3 10. bxc3 Nbd7 11. Rb1 Rb8 12. cxd5 exd5 13. c4 dxc4 14. Qxc4 Re8 15. Bb2 Nb6 16. Qe2 Qe7 17. Qc2 Qe4 18. Rfc1 Qxc2 19. Rxc2 Nfd5 20. Bc1 Nd7 21. Nd2 f5 22. g3 Re6 23. Nf3 Ree8 24. Bd2 Rec8 25. Rbc1 Re8 26. Nh4 g6 27. Ng2 Kg7 28. Nf4 Nxf4 29. gxf4 Nb6 30. Bb4 Nd5 31. Bd6 Rbd8 32. Be5+ Kf7 33. Rb2 Rd7 34. Rb3 a6 35. f3 Nf6 36. Kf2 Ree7 37. h3 Re8 38. Rb2 Ree7 39. Re2 Rd5 40. Rc5 Red7 41. Rec2 Rxc5 42. Rxc5 Rd5 43. Bxf6 Kxf6 44. h4 h5 45. Ke2 Ke6 46. Rc3 Kd6 47. Kd3 c5 48. Rb3 b5 49. Rb1 cxd4 50. exd4 Kc6 51. Rg1 Rd6 52. Rc1+ Kb6 53. Rc5 a5 54. Re5 Ka6 55. d5 Kb6 56. Kd4 b4 57. axb4 axb4 58. Kc4 b3 59. Re3 Kc7 60. Rxb3 Ra6 61. Kd4 Kd6 62. Rb4 Ra1 63. Rb6+ Kc7 64. Rxg6 Rh1 65. Ke5 Re1+ 66. Kxf5 Re3 1-0